• 首页
  • 本馆介绍
  • 公告通知
  • 最新文献
  • 馆藏检索
  • 电子资源
  • 读者导购
  • 参考咨询
  • 我的图书馆
  • 登录
  • 详细信息显示
  • 放入我的书架
  • 预约/预借图书
  • 作者相关作品
  • 分类相关作品
  • 丛书相关作品
  • 出版社相关作品

书目信息

  • 表格格式
  • 工作单格式
  • 卡片格式
题名:
螺丝在拧紧
    
 
作者: James , 詹姆斯 原著 ;Oliver , 毛荣贵 , 姜淑萱 改编
分册:  
出版信息: 北京   航空工业出版社  2005
页数: 205,17页
开本: 19cm
丛书名: 床头灯英语学习读本
单 册:
中图分类: H319.4:I712.44 , H319.4
科图分类:
主题词: 中篇小说--美国--近代 , 英语 , 英语--汉语--对照读物 , 中篇小说 , 汉语
电子资源:
ISBN: 7-80183-583-2
000 01298nam0 2200373 450
001 010040030402
005 20061029150112.85
010    @a7-80183-583-2@dCNY10.00,CNY100.00(全10册)
100    @a20060213d2005 em y0chiy0110 ea
101 2  @achi@aeng@ceng
102    @aCN@b110000
105    @aak z 000ay
200 1  @a螺丝在拧紧@9luo si zai ning jin@e英汉对照@f(美)亨利·詹姆斯(Henry James)原著@gRichard Oliver改编@g毛荣贵,姜淑萱翻译
210    @a北京@c航空工业出版社@d2005
215    @a205,17页@c图@d19cm
225 1  @a床头灯英语学习读本@e10元丛书@vⅤ
225 1  @a考试虫
300    @a3000词读遍天下书
330    @a圣诞前夜,一帮朋友聚在一起讲故事,不想带出一段深埋多年的恐怖故事。多年之前,年轻漂亮的家庭女教师接受一份照看两个小孩工作,由此引发一连串令人毛骨悚然的离奇故事。
510 1  @aThe Turn of the Screw@zeng
606 0  @a中篇小说@y美国@z近代
606 0  @a英语
606 0  @a英语@x汉语@j对照读物
606 0  @a中篇小说
606 0  @a汉语
690    @aH319.4:I712.44@v4
690    @aH319.4@v3
701  1 @aJames@bHenry@4原著
701  1 @a詹姆斯@9zhan mu si@bH.@4原著
702  1 @aOliver@bRichard@4改编
702  0 @a毛荣贵@9mao rong gui@4翻译
702  0 @a姜淑萱@9jiang shu xuan@4翻译
801  0 @aCN@bRENTIAN@c20061029
905    @a10447@dH319.4@e1009:1
    
    螺丝在拧紧:英汉对照/(美)亨利·詹姆斯(Henry James)原著/Richard Oliver改编/毛荣贵,姜淑萱翻译.-北京:航空工业出版社,2005
    205,17页:图;19cm.-(床头灯英语学习读本:10元丛书;Ⅴ).-(考试虫)
    3000词读遍天下书
    
    ISBN 7-80183-583-2:CNY10.00,CNY100.00(全10册)
    圣诞前夜,一帮朋友聚在一起讲故事,不想带出一段深埋多年的恐怖故事。多年之前,年轻漂亮的家庭女教师接受一份照看两个小孩工作,由此引发一连串令人毛骨悚然的离奇故事。
●
相关链接 在E读中查询图书 在五车中查询图书 在当当中查询图书 在豆瓣中查询图书


正题名:螺丝在拧紧     索取号:H319.4/1009:1         预约/预借

序号 登录号 条形码 馆藏地/架位号 状态 备注
1 0388510   203885108   第二样本阅览室/ [索取号:H319.4/1009:1] 在馆    
2 0388511   203885117   第四借阅区/ [索取号:H319.4/1009:1] 在馆    
3 0388512   203885126   第四借阅区/ [索取号:H319.4/1009:1] 在馆    
4 0388513   203885135   第四借阅区/ [索取号:H319.4/1009:1] 在馆    
5 0388514   203885144   第四借阅区/ [索取号:H319.4/1009:1] 在馆    
6 0388515   203885153   第四借阅区/ [索取号:H319.4/1009:1] 在馆    
唐山师范学院图书馆 欢迎您!
大连网信软件有限公司© 版权所有